000 00725nam a2200181 i 4500
001 152023
003 ES-MaACL
005 20240524193120.0
008 051007s1862 sp |||| | spa d
100 1 _aBerthet, Elie.
_928448
245 1 3 _aEl cerro de Santa-Honorina /
_cpor Elías Berthet ; novela traducida para el Folletín de las Novedades.
260 _aMadrid :
_b[s.n.],
_c1862 (
_eImp. de Las Novedades, a cargo de A. Querol)
300 _a407 p. ;
_c15 cm.
490 1 _aFolletín de las Novedades
830 0 _aFolletín de las novedades
_9185765
852 _aES-MaACL
_jD-3879(1)
_z- Enc. hol., falto de la enc. original
_z. - Legado de M. de la Fuente
_z- Enc. en un vol. facticio
999 _c152023
_d152023